000 00574nam a2200217Ia 4500
003 OSt
005 20220926040643.0
006 a|||||r|||| 00| 0
007 ta
008 220923b |||||||| |||| 00| 0 eng d
037 _cGeneral Book
040 _aRTL
_cRTL
_beng
041 _2eng
_aeng
082 _aX:75g2.N43.9, H4
100 _aShenoy B R
245 0 _aBombay plan
_b A review of its financial provisions
260 _c1944
650 _aPlanned Economy
942 _hX:75g2.N43.9, H4
_cGB
_2CC
999 _c665316
_d665316